[Event "Bangkok Cha Am op 18th"]
[Site "Bangkog"]
[Date "2018.04.13"]
[Round "1"]
[White "Chua, Tze Jay Azel"]
[Black "Sauravh, Khherdekar"]
[Result "0-1"]
[WhiteElo "1775"]
[BlackElo "2222"]
[PlyCount "80"]
[EventDate "2018.04.13"]
[EventType "swiss"]
[EventRounds "9"]
[EventCountry "THA"]
[SourceTitle "CBM 184 Extra"]
[Source "ChessBase"]
[SourceDate "2018.06.28"]
[SourceVersion "1"]
[SourceVersionDate "2018.06.28"]
[SourceQuality "1"]

1. e4 Nf6 2. e5 Nd5 3. d4 d6 4. Nf3 Bg4 5. Bc4 e6 6. h3 Bh5 7. 0-0 dxe5 8. dxe5 Be7 9. Nbd2 0-0 10. Ne4 Nc6 11. g4 Bg6 12. Ng3 Ndb4 13. Bb3 Qxd1 14. Rxd1 Bxc2 15. Bxc2 Nxc2 16. Rb1 Rfd8 17. Bf4 Rxd1+ 18. Rxd1 Rd8 19. Rxd8+ Bxd8 20. a3 N2d4 21. Nxd4 Nxd4 22. Be3 Nc6 23. f4 f6 24. exf6 Bxf6 25. b3 Bd4 26. Kf2 Bxe3+ 27. Kxe3 Na5 28. b4 Nc4+ 29. Kd4 Nxa3 30. Ke5 Kf7 31. Ne4 h6 32. f5 Nc4+ 33. Kd4 exf5 34. gxf5 Nd6 35. Nxd6+ cxd6 36. Kd5 Ke7 37. h4 h5 38. Ke4 Kf6 39. Kf4 d5 40. b5 a6 0-1